| 000 | 00965cam a2200325 i 4500 | ||
|---|---|---|---|
| 999 |
_c200445365 _d63577 |
||
| 001 | 200445365 | ||
| 003 | TR-AnTOB | ||
| 005 | 20220629151707.0 | ||
| 007 | ta | ||
| 008 | 731113s1960 gw 000 0 ger d | ||
| 010 | _a72365849 | ||
| 035 | _a.b13189852 | ||
| 035 | _a1528172 | ||
| 035 | _a(TR-AnTOB)200445365 | ||
| 040 |
_aOSU _beng _erda _cOSU _dUtOrBLW _dTR-AnTOB |
||
| 041 | 0 | _ager | |
| 050 | 1 | 4 |
_aTS700 _b.W4 |
| 090 |
_aTOBBK TS700 _b.W4 |
||
| 100 | 1 |
_aWeimer, Günter _eauthor _9134198 |
|
| 245 | 1 | 0 |
_aEmailfehler : _bUrsachen u. Beseitigung / _cMit Tab., Normen u. prakt. Winken f. d. emailverarbeitende Industrie. |
| 264 | 1 |
_aHamburg : _bGarrels, _c[1960] |
|
| 300 |
_a60 pages ; _c16 cm |
||
| 336 |
_atext _btxt _2rdacontent |
||
| 337 |
_aunmediated _bn _2rdamedia |
||
| 338 |
_avolume _bnc _2rdacarrier |
||
| 650 | 0 |
_aEnamel and enameling _xDefects _9134199 |
|
| 942 |
_2z _cBK |
||